[Event "HUN-chT2 Erkel 1617"]
[Site "Hungary"]
[Date "2017.02.12"]
[Round "8.8"]
[White "Zamodics, Peter"]
[Black "Czajner, Gabor"]
[Result "1-0"]
[WhiteElo "1977"]
[BlackElo "1829"]
[PlyCount "39"]
[EventDate "2016.09.25"]
[EventType "team-tourn"]
[EventRounds "11"]
[EventCountry "HUN"]
[SourceTitle "EXT 2021"]
[Source "ChessBase"]
[SourceDate "2020.10.23"]
[SourceVersion "1"]
[SourceVersionDate "2020.10.23"]
[SourceQuality "1"]
[WhiteTeam "Fot"]
[BlackTeam "Andornaktalya"]
[WhiteTeamCountry "HUN"]
[BlackTeamCountry "HUN"]

1. d4 g6 2. c4 Bg7 3. Nc3 d6 4. e4 Nd7 5. f3 Ngf6 6. Bd3 c5 7. d5 a6 8. Be3 0-0 9. Nge2 Ne5 10. 0-0 Nfd7 11. f4 Ng4 12. Bd2 Nb6 13. Qc2 Qc7 14. Nd1 e5 15. h3 Nf6 16. Ba5 exf4 17. Qb3 Nfd7 18. Ndc3 Bf6 19. Na4 Bd8 20. Nec3 1-0

[Event "HUN-chT2 Erkel 1617"]
[Site "Hungary"]
[Date "2016.12.11"]
[Round "6.8"]
[White "Zamodics, Peter"]
[Black "Szabo, Zoltan3"]
[Result "1/2-1/2"]
[WhiteElo "1977"]
[BlackElo "1935"]
[PlyCount "40"]
[EventDate "2016.09.25"]
[EventType "team-tourn"]
[EventRounds "11"]
[EventCountry "HUN"]
[SourceTitle "EXT 2021"]
[Source "ChessBase"]
[SourceDate "2020.10.23"]
[SourceVersion "1"]
[SourceVersionDate "2020.10.23"]
[SourceQuality "1"]
[WhiteTeam "Fot"]
[BlackTeam "Szada GSBE"]
[WhiteTeamCountry "HUN"]
[BlackTeamCountry "HUN"]

1. d4 Nf6 2. c4 g6 3. g3 Bg7 4. Bg2 0-0 5. Nc3 d6 6. Nf3 Nbd7 7. 0-0 e5 8. e4 c6 9. d5 Qb6 10. Qe2 Nc5 11. Rb1 a5 12. Be3 a4 13. b4 axb3 14. axb3 cxd5 15. cxd5 Qb4 16. Bxc5 Qxc5 17. Qc4 b6 18. Qxc5 bxc5 19. Nd2 Ba6 20. Nc4 Rfb8 1/2-1/2

[Event "HUN-chT2 Charousek 1314"]
[Site "Hungary"]
[Date "2014.04.27"]
[Round "11"]
[White "Biskopics, Marton"]
[Black "Zamodics, Peter"]
[Result "1/2-1/2"]
[WhiteElo "2044"]
[BlackElo "1977"]
[PlyCount "22"]
[EventDate "2013.09.08"]
[EventType "team-tourn"]
[EventRounds "11"]
[EventCountry "HUN"]
[SourceTitle "EXT 2016"]
[Source "ChessBase"]
[SourceDate "2015.10.08"]
[SourceVersion "1"]
[SourceVersionDate "2015.10.08"]
[SourceQuality "1"]
[WhiteTeam "Nagykanizsa II"]
[BlackTeam "Alsoszolnok"]
[WhiteTeamCountry "HUN"]
[BlackTeamCountry "HUN"]

1. c4 c5 2. Nc3 Nc6 3. g3 g6 4. Bg2 Bg7 5. e4 e5 6. Nge2 Nge7 7. d3 0-0 8. Be3 d6 9. 0-0 f5 10. Qd2 Nd4 11. Bg5 Nxe2+ 1/2-1/2

[Event "HUN-chT2 Charousek 1213"]
[Site "Hungary"]
[Date "2013.01.27"]
[Round "6"]
[White "Zamodics, Peter"]
[Black "Major, Imre"]
[Result "1/2-1/2"]
[WhiteElo "1938"]
[BlackElo "2038"]
[PlyCount "25"]
[EventDate "2012.09.16"]
[EventType "team-tourn"]
[EventRounds "11"]
[EventCountry "HUN"]
[SourceTitle "EXT 2014"]
[Source "ChessBase"]
[SourceDate "2013.11.20"]
[SourceVersion "1"]
[SourceVersionDate "2013.11.20"]
[SourceQuality "1"]
[WhiteTeam "Alsoszolnok"]
[BlackTeam "MLTC II"]
[WhiteTeamCountry "HUN"]
[BlackTeamCountry "HUN"]

1. d4 Nf6 2. c4 c5 3. e3 g6 4. Nc3 Bg7 5. Nf3 0-0 6. Be2 d6 7. h3 Nbd7 8. 0-0 a6 9. Qc2 b5 10. cxb5 axb5 11. Nxb5 Ba6 12. Nc3 Qb8 13. Bxa6 1/2-1/2

[Event "HUN-chT2 Charousek 1213"]
[Site "Hungary"]
[Date "2012.10.07"]
[Round "2"]
[White "Zamodics, Peter"]
[Black "Orosz, Andras"]
[Result "1-0"]
[WhiteElo "1938"]
[BlackElo "2060"]
[PlyCount "83"]
[EventDate "2012.09.16"]
[EventType "team-tourn"]
[EventRounds "11"]
[EventCountry "HUN"]
[SourceTitle "EXT 2014"]
[Source "ChessBase"]
[SourceDate "2013.11.20"]
[SourceVersion "1"]
[SourceVersionDate "2013.11.20"]
[SourceQuality "1"]
[WhiteTeam "Alsoszolnok"]
[BlackTeam "Gyor"]
[WhiteTeamCountry "HUN"]
[BlackTeamCountry "HUN"]

1. d4 Nf6 2. c4 e6 3. Nc3 d5 4. e3 Be7 5. Nf3 0-0 6. Bd3 c6 7. 0-0 Nbd7 8. b3 b6 9. Bb2 Bb7 10. Qe2 Qc7 11. Rac1 Rac8 12. Rfd1 Rfe8 13. h3 Qb8 14. Bb1 a5 15. Bd3 Ba6 16. cxd5 Bxd3 17. Qxd3 exd5 18. a4 Bd6 19. Nd2 Bb4 20. Rc2 Re6 21. Rdc1 Rce8 22. Ne2 Qb7 23. Nf4 Rd6 24. Bc3 Bxc3 25. Qxc3 g5 26. Nd3 Nb8 27. b4 Ne4 28. Nxe4 dxe4 29. Ne5 f6 30. Qb3+ Kg7 31. Nc4 Rd5 32. bxa5 b5 33. Nb6 bxa4 34. Qxa4 Rb5 35. Rxc6 Qxc6 36. Rxc6 Rb1+ 37. Kh2 Nxc6 38. Qxc6 Re7 39. d5 Rf7 40. d6 Rd1 41. d7 Rf8 42. Qxe4 1-0

[Event "HUN-chT2 Charousek 1213"]
[Site "Hungary"]
[Date "2012.09.16"]
[Round "1"]
[White "Zamodics, Peter"]
[Black "Marosi, Levente"]
[Result "0-1"]
[WhiteElo "1938"]
[BlackElo "2056"]
[PlyCount "86"]
[EventDate "2012.09.16"]
[EventType "team-tourn"]
[EventRounds "11"]
[EventCountry "HUN"]
[SourceTitle "EXT 2014"]
[Source "ChessBase"]
[SourceDate "2013.11.20"]
[SourceVersion "1"]
[SourceVersionDate "2013.11.20"]
[SourceQuality "1"]
[WhiteTeam "Alsoszolnok"]
[BlackTeam "Geniusz Tata"]
[WhiteTeamCountry "HUN"]
[BlackTeamCountry "HUN"]

1. d4 Nf6 2. c4 g6 3. Nc3 Bg7 4. e4 d6 5. f3 0-0 6. Be3 c5 7. d5 e6 8. Bd3 exd5 9. cxd5 Nbd7 10. Nge2 a6 11. a4 Qc7 12. b3 Ne5 13. 0-0 Bd7 14. Qd2 Rfc8 15. Rfc1 Qa5 16. Rab1 Rab8 17. h3 Bxh3 18. Kf2 Bd7 19. g4 c4 20. bxc4 Nxc4 21. Bxc4 Qd8 22. Bd3 Nxg4+ 23. fxg4 Qh4+ 24. Kg2 Qxg4+ 25. Kf1 f5 26. Ke1 Qh4+ 27. Kd1 fxe4 28. Bxe4 Re8 29. Bd3 Qh3 30. Bf4 Rbc8 31. Rb3 Bxc3 32. Nxc3 Qf3+ 33. Kc2 Bxa4 34. Kb2 Bxb3 35. Kxb3 b5 36. Rf1 Qg4 37. Ne4 Qf5 38. Bh6 Qxd5+ 39. Kb2 Rxe4 40. Qc3 Qe5 41. Qxe5 Rxe5 42. Rf6 Rh5 43. Bf4 Rf8 0-1

[Event "HUN-chT2 Szechenyi 1112"]
[Site "Hungary"]
[Date "2012.02.19"]
[Round "6.8"]
[White "Czupor, Attila"]
[Black "Zamodics, Peter"]
[Result "0-1"]
[WhiteElo "1808"]
[BlackElo "1954"]
[PlyCount "86"]
[EventDate "2011.09.25"]
[EventType "team-tourn"]
[EventRounds "11"]
[EventCountry "HUN"]
[SourceTitle "EXT 2013"]
[Source "ChessBase"]
[SourceDate "2012.11.22"]
[SourceVersion "1"]
[SourceVersionDate "2012.11.22"]
[SourceQuality "1"]
[WhiteTeam "Sarvar"]
[BlackTeam "Lovo"]
[WhiteTeamCountry "HUN"]
[BlackTeamCountry "HUN"]

1. e4 c5 2. Nf3 e6 3. d4 cxd4 4. Nxd4 a6 5. c4 Nf6 6. Nc3 Qc7 7. Be3 Bb4 8. Qc2 Ng4 9. Bd2 Qc5 10. Na4 Qa5 11. Bxb4 Qxb4+ 12. Nc3 0-0 13. Rd1 Nc6 14. Nxc6 dxc6 15. Be2 Ne5 16. a3 Qe7 17. 0-0 b5 18. cxb5 cxb5 19. f4 Nc4 20. Bxc4 Qc5+ 21. Qf2 Qxc4 22. Rc1 Bb7 23. Qe3 f5 24. exf5 exf5 25. Rfe1 Rae8 26. Qxe8 Rxe8 27. Rxe8+ Kf7 28. Rce1 Qd4+ 29. Kh1 Be4 30. Rc8 Qf2 31. Rg1 Qxb2 32. Nxe4 fxe4 33. Rc7+ Ke8 34. Ra7 Qxa3 35. Rxg7 e3 36. Rg3 Qc3 37. Rf3 Qd2 38. Rff1 e2 39. Re1 Qd3 40. g3 Qf3+ 41. Rg2 Qf1+ 42. Rg1 Qf2 43. g4 Kf7 0-1

[Event "Gyor op 2nd"]
[Site "Gyor"]
[Date "2011.07.15"]
[Round "5"]
[White "Marosi, Csaba"]
[Black "Zamodics, Peter"]
[Result "1/2-1/2"]
[WhiteElo "2016"]
[BlackElo "1964"]
[PlyCount "44"]
[EventDate "2011.07.13"]
[EventType "swiss"]
[EventRounds "9"]
[EventCountry "HUN"]
[SourceTitle "EXT 2017"]
[Source "ChessBase"]
[SourceDate "2016.10.25"]
[SourceVersion "1"]
[SourceVersionDate "2016.10.25"]
[SourceQuality "1"]

1. e4 c5 2. Nf3 e6 3. d4 cxd4 4. Nxd4 a6 5. Bd3 Qc7 6. c4 Nc6 7. Nxc6 bxc6 8. 0-0 Nf6 9. Nc3 Be7 10. Qe2 d6 11. f4 0-0 12. Bd2 Re8 13. Kh1 Bb7 14. Rf3 e5 15. fxe5 dxe5 16. Raf1 Bc8 17. Rg3 g6 18. Bg5 Nd7 19. Qf2 f6 20. Be3 Nf8 21. Bg5 Nd7 22. Be3 Nf8 1/2-1/2

[Event "HUN-chT2 Szechenyi 1011"]
[Site "Hungary"]
[Date "2010.11.21"]
[Round "6.8"]
[White "Tasnadi, Gyula"]
[Black "Zamodics, Peter"]
[Result "1/2-1/2"]
[WhiteElo "1868"]
[BlackElo "1961"]
[PlyCount "63"]
[EventDate "2010.09.12"]
[EventType "team-tourn"]
[EventRounds "11"]
[EventCountry "HUN"]
[SourceTitle "EXT 2012"]
[Source "ChessBase"]
[SourceDate "2011.11.24"]
[SourceVersion "1"]
[SourceVersionDate "2011.11.24"]
[SourceQuality "1"]
[WhiteTeam "Spartacus"]
[BlackTeam "Alsoszolnok"]
[WhiteTeamCountry "HUN"]
[BlackTeamCountry "HUN"]

1. c4 c5 2. Nf3 Nf6 3. Nc3 Nc6 4. g3 g6 5. Bg2 Bg7 6. 0-0 0-0 7. d3 d6 8. h3 e5 9. e4 a6 10. a3 Rb8 11. Bd2 b5 12. b3 Bd7 13. Nd5 Nxd5 14. cxd5 Nd4 15. Nxd4 cxd4 16. b4 f5 17. f4 Rc8 18. Rc1 Rc7 19. Rxc7 Qxc7 20. Qc1 Rc8 21. Qxc7 Rxc7 22. Rc1 Rxc1+ 23. Bxc1 Kf7 24. h4 h6 25. Kf2 Bf8 26. Bd2 Kg7 27. Bh3 Kf7 28. Bc1 Kg7 29. Bd2 Be7 30. Bc1 Bd8 31. Bd2 Bc8 32. Bc1 1/2-1/2

[Event "HUN-chT2 Charousek 0910"]
[Site "Hungary"]
[Date "2010.02.28"]
[Round "7"]
[White "Zamodics, Peter"]
[Black "Halasz, Attila"]
[Result "1-0"]
[WhiteElo "1928"]
[BlackElo "2170"]
[PlyCount "81"]
[EventDate "2009.11.08"]
[EventType "team-tourn"]
[EventRounds "11"]
[EventCountry "HUN"]
[SourceTitle "EXT 2011"]
[Source "ChessBase"]
[SourceDate "2010.11.26"]
[SourceVersion "1"]
[SourceVersionDate "2010.11.26"]
[SourceQuality "1"]
[WhiteTeam "Alsoszolnok"]
[BlackTeam "Pannonpower"]
[WhiteTeamCountry "HUN"]
[BlackTeamCountry "HUN"]

1. c4 e5 2. Nc3 Nc6 3. g3 Nf6 4. Bg2 Bc5 5. e3 d6 6. a3 a5 7. d3 0-0 8. Nge2 Bg4 9. 0-0 Qd7 10. Qc2 Bh3 11. Bd2 Qg4 12. Rfb1 Bxg2 13. Kxg2 h5 14. Ng1 Rfe8 15. Nb5 Qd7 16. Nc3 Qf5 17. Nb5 Rec8 18. Nc3 g5 19. Na4 h4 20. Nxc5 dxc5 21. Bc3 Rd8 22. Rd1 Rd6 23. Rd2 Rad8 24. e4 Qh7 25. Rf1 Qh6 26. Qd1 Nd7 27. Qe2 Rg6 28. g4 Rf6 29. f3 h3+ 30. Kh1 Nf8 31. Qf2 Ne6 32. Ne2 b6 33. Qg3 Nf4 34. Nxf4 Rxf4 35. Rdd1 Kg7 36. Rd2 Rh8 37. Rdd1 Qd6 38. Bd2 Rf6 39. Bxg5 Rg6 40. Be3 Nd8 41. f4 1-0

[Event "HUN-chT2 Charousek 0910"]
[Site "Hungary"]
[Date "2010.02.14"]
[Round "6"]
[White "Zamodics, Peter"]
[Black "Zsirai, Peter"]
[Result "1/2-1/2"]
[WhiteElo "1928"]
[BlackElo "1926"]
[PlyCount "112"]
[EventDate "2009.11.08"]
[EventType "team-tourn"]
[EventRounds "11"]
[EventCountry "HUN"]
[SourceTitle "EXT 2011"]
[Source "ChessBase"]
[SourceDate "2010.11.26"]
[SourceVersion "1"]
[SourceVersionDate "2010.11.26"]
[SourceQuality "1"]
[WhiteTeam "Alsoszolnok"]
[BlackTeam "Aquaprofit II"]
[WhiteTeamCountry "HUN"]
[BlackTeamCountry "HUN"]

1. c4 e5 2. Nc3 Bb4 3. Qc2 Nc6 4. e3 Nge7 5. a3 Bxc3 6. bxc3 0-0 7. d4 exd4 8. cxd4 d5 9. Nf3 Bf5 10. Bd3 Bg6 11. 0-0 dxc4 12. Bxg6 fxg6 13. Qxc4+ Kh8 14. Ng5 Qd5 15. Qxd5 Nxd5 16. Bb2 Rae8 17. Nf3 Nb6 18. Bc3 Rf7 19. Rab1 Rd7 20. Rfc1 Kg8 21. Be1 Rb8 22. a4 a5 23. Rc5 Ra8 24. Ra1 Rd5 25. Rcc1 Rd7 26. Rc5 Rd5 27. Rcc1 Rdd8 28. Ng5 Re8 29. Nf3 Red8 30. Bd2 h6 31. Ne1 Rd7 32. Nd3 Nxd4 33. exd4 Rxd4 34. Be3 Rxd3 35. Rxc7 Nxa4 36. Rxb7 Nc3 37. g3 a4 38. Kg2 Rad8 39. Ra3 Nd1 40. Rxa4 R3d7 41. Rxd7 Nxe3+ 42. fxe3 Rxd7 43. h4 Re7 44. Kf3 Kf7 45. Ra6 Rb7 46. e4 Rb3+ 47. Kf4 Rb7 48. g4 Re7 49. g5 h5 50. Rd6 Ra7 51. Rd4 Re7 52. e5 Ra7 53. Ke4 Ke7 54. Rc4 Rb7 55. Rd4 Ra7 56. Rc4 Rb7 1/2-1/2

[Event "HUN-chT2 Charousek 0910"]
[Site "Hungary"]
[Date "2009.12.20"]
[Round "4"]
[White "Zamodics, Peter"]
[Black "Horvath, Reka"]
[Result "1/2-1/2"]
[WhiteElo "1928"]
[BlackElo "1978"]
[PlyCount "89"]
[EventDate "2009.11.08"]
[EventType "team-tourn"]
[EventRounds "11"]
[EventCountry "HUN"]
[SourceTitle "EXT 2011"]
[Source "ChessBase"]
[SourceDate "2010.11.26"]
[SourceVersion "1"]
[SourceVersionDate "2010.11.26"]
[SourceQuality "1"]
[WhiteTeam "Alsoszolnok"]
[BlackTeam "Haladas II"]
[WhiteTeamCountry "HUN"]
[BlackTeamCountry "HUN"]

1. c4 e5 2. Nc3 Nf6 3. e4 Nc6 4. d3 Bc5 5. Be2 a6 6. Nf3 d6 7. h3 Nd4 8. a3 a5 9. Rb1 Bd7 10. b4 axb4 11. axb4 Bb6 12. Bd2 Ra3 13. 0-0 0-0 14. Ra1 Qa8 15. Nxd4 Bxd4 16. Qc1 Ra6 17. b5 Ra7 18. Qb2 c6 19. Rxa7 Qxa7 20. Qc1 Ra8 21. bxc6 bxc6 22. Be3 Qa3 23. Nd1 Qb3 24. Bxd4 exd4 25. Qb2 Qxb2 26. Nxb2 Ra2 27. Rb1 h6 28. Kf1 Be6 29. g4 Nd7 30. Nd1 Kf8 31. f4 Nc5 32. Nf2 Na4 33. Bf3 Nb2 34. Be2 f6 35. f5 Bd7 36. Nd1 Nxd1 37. Rxd1 c5 38. Rb1 Ba4 39. Ke1 Ra3 40. Rb8+ Be8 41. Rb7 Ra1+ 42. Kf2 Ra2 43. Ke1 Ra1+ 44. Kf2 Ra2 45. Ke1 1/2-1/2

[Event "HUN-chT2 Szechenyi 0809"]
[Site "Hungary"]
[Date "2009.01.04"]
[Round "6.5"]
[White "Zamodics, Peter"]
[Black "Gaal, Ede"]
[Result "0-1"]
[WhiteElo "1924"]
[BlackElo "2095"]
[PlyCount "78"]
[EventDate "2008.10.26"]
[EventType "tourn"]
[EventRounds "11"]
[EventCountry "HUN"]
[SourceTitle "EXT 2010"]
[Source "ChessBase"]
[SourceDate "2010.11.25"]
[SourceVersion "1"]
[SourceVersionDate "2010.11.25"]
[SourceQuality "1"]
[WhiteTeam "Kervaros"]
[BlackTeam "Lovo"]
[WhiteTeamCountry "HUN"]
[BlackTeamCountry "HUN"]

1. c4 g6 2. d4 Bg7 3. Nc3 Nf6 4. e4 d6 5. f3 e5 6. d5 Nh5 7. Be3 f5 8. Bd3 0-0 9. Nge2 Nd7 10. a3 Qh4+ 11. Bf2 Qe7 12. b4 Nf4 13. 0-0 b6 14. Qc2 Nf6 15. Nxf4 exf4 16. exf5 g5 17. Rae1 Qf7 18. Bd4 Nd7 19. Bxg7 Qxg7 20. Ne4 Ne5 21. f6 Qh6 22. Nf2 Rxf6 23. Be2 Bf5 24. Bd3 Nxd3 25. Nxd3 Qg6 26. Rd1 Re8 27. Rd2 Rf7 28. Qd1 Re3 29. Nf2 Rxa3 30. Re2 Re3 31. Ng4 Bxg4 32. fxg4 Qe4 33. Rxe3 fxe3 34. Rxf7 Kxf7 35. Qf1+ Qf4 36. Qe2 Kf6 37. Qb2+ Qe5 38. Qb1 e2 39. Kf2 e1Q+ 0-1

[Event "HUN-chT2 Asztalos 0607"]
[Site "Hungary"]
[Date "2007.03.04"]
[Round "6"]
[White "Kalanyos, Ferenc"]
[Black "Zamodics, Peter"]
[Result "1/2-1/2"]
[WhiteElo "2001"]
[BlackElo "1893"]
[PlyCount "78"]
[EventDate "2006.11.12"]
[EventType "team-tourn"]
[EventRounds "11"]
[EventCountry "HUN"]
[SourceTitle "EXT 2008"]
[Source "ChessBase"]
[SourceDate "2007.11.25"]
[SourceVersion "1"]
[SourceVersionDate "2007.11.25"]
[SourceQuality "1"]
[WhiteTeam "Koppany"]
[BlackTeam "Dombovar"]
[WhiteTeamCountry "HUN"]
[BlackTeamCountry "HUN"]

1. b4 d5 2. Bb2 e6 3. e3 Nf6 4. b5 c6 5. c4 Bd7 6. Qb3 Be7 7. Nf3 dxc4 8. Bxc4 cxb5 9. Bxb5 Bxb5 10. Qxb5+ Qd7 11. Nc3 Nc6 12. 0-0 0-0 13. Rac1 a6 14. Qe2 b5 15. d4 Rfd8 16. Rfd1 Nd5 17. Ne5 Nxe5 18. dxe5 Nxc3 19. Bxc3 Qb7 20. Rxd8+ Rxd8 21. f4 Rc8 22. Qd2 b4 23. Bd4 Rxc1+ 24. Qxc1 g6 25. Qc2 a5 26. Kf2 h5 27. e4 a4 28. Qxa4 Qxe4 29. Be3 Qd5 30. Qb3 Qc6 31. h3 Qe4 32. g3 Qh1 33. h4 Qh2+ 34. Kf3 Qh1+ 35. Ke2 Qg2+ 36. Bf2 Qe4+ 37. Kd2 Qg2 38. Ke2 Qe4+ 39. Kd1 Kg7 1/2-1/2